000
00322nam a2200133Ia 4500
005
20260328104300.0
008
260328s9999||||xx |||||||||||||| ||und||
100
_a
Minguet, Josep Maria
245
0
_a
Mini Plazas /
_c
Josep Maria Minguet
260
_b
Monsa
300
_a
256 p.
650
_a
ESPACIO PUBLICO
942
_c
BK
999
_c
10569
_d
10569